[Event "Titled Tuesday intern op 13th Feb Early"]
[Site "Chess.com INT"]
[Date "2024.02.13"]
[Round "8"]
[White "Petesch, Gabriel N"]
[Black "Chirivi Castiblanco, Jenny Astrid"]
[Result "1-0"]
[WhiteElo "2320"]
[BlackElo "2113"]
[PlyCount "77"]
[EventDate "2024.02.13"]
[EventType "swiss (blitz)"]
[EventRounds "11"]
[EventCountry "USA"]
[SourceTitle "CB08_2024"]
[SourceDate "2024.02.21"]
[SourceVersion "1"]
[SourceVersionDate "2024.02.21"]
[SourceQuality "1"]

1. d4 Nf6 2. Nf3 e6 3. Nc3 d5 4. e3 c5 5. Bd3 Nc6 6. 0-0 Be7 7. b3 0-0 8. dxc5 Bxc5 9. Bb2 Qe7 10. Qe2 e5 11. e4 d4 12. Nd5 Qd6 13. c3 Bg4 14. Rad1 Nxd5 15. exd5 Qxd5 16. Bxh7+ Kh8 17. Be4 Qe6 18. h3 Bxf3 19. Qxf3 f5 20. Bd5 Qg6 21. cxd4 Nxd4 22. Qe3 Rae8 23. Bxb7 f4 24. Qe4 Qg5 25. Kh2 f3 26. g3 Ne2 27. Bc1 Nxc1 28. Rxc1 Bxf2 29. Qg4 Qxg4 30. hxg4 Be3 31. Rc3 Bd4 32. Rcxf3 Rxf3 33. Rxf3 a5 34. Rf5 Rb8 35. Rh5+ Kg8 36. Bd5+ Kf8 37. Rh8+ Ke7 38. Rxb8 Kd6 39. Be4 1-0

[Event "Titled Tuesday intern op 01st Aug Late"]
[Site "Chess.com INT"]
[Date "2023.08.01"]
[Round "7"]
[White "Bueno, Alfeu Varela Jr"]
[Black "Petesch, Gabriel N"]
[Result "1-0"]
[WhiteElo "2135"]
[BlackElo "2324"]
[PlyCount "98"]
[EventDate "2023.08.01"]
[EventType "swiss (blitz)"]
[EventRounds "11"]
[EventCountry "USA"]
[SourceTitle "EXT 2024"]
[Source "ChessBase"]
[SourceDate "2023.10.10"]
[SourceVersion "1"]
[SourceVersionDate "2023.10.10"]
[SourceQuality "1"]

1. e4 e5 2. Nc3 Bc5 3. Bc4 Ne7 4. Qh5 0-0 5. Nf3 d5 6. Nxd5 h6 7. Qxe5 Ng6 8. Qxc7 Nc6 9. Qxd8 Rxd8 10. c3 Re8 11. d3 Bd6 12. b4 Nce5 13. Nxe5 Nxe5 14. Bb5 Bd7 15. Bxd7 Nxd7 16. 0-0 Rad8 17. Bf4 Ne5 18. Rad1 f6 19. Bg3 Kf7 20. f4 Nc6 21. a3 a5 22. e5 Bxe5 23. fxe5 Rxd5 24. exf6 gxf6 25. d4 axb4 26. axb4 b5 27. Rf3 Re6 28. Rdf1 Ne7 29. Be5 Ng8 30. Ra1 Rd7 31. Ra8 Rb7 32. Bg3 Rbe7 33. h3 Rd7 34. Bh4 Rc7 35. Rg3 Ne7 36. Rh8 Ra7 37. Rxh6 Ra1+ 38. Kh2 Ke8 39. Bxf6 Kd7 40. Rg7 Rf1 41. Bxe7 Rxh6 42. Bg5+ Ke6 43. Bxh6 Kd5 44. Rg5+ Kc4 45. Rc5+ Kd3 46. Rxb5 Kxc3 47. d5 Kc4 48. Rc5+ Kxb4 49. Rc1 Rf5 1-0

[Event "Titled Tuesday intern op 25th Jul Late"]
[Site "Chess.com INT"]
[Date "2023.07.25"]
[Round "4"]
[White "Petesch, Gabriel N"]
[Black "Nasta, Kiren Vivek"]
[Result "1-0"]
[WhiteElo "2328"]
[BlackElo "2008"]
[PlyCount "39"]
[EventDate "2023.07.25"]
[EventType "swiss (blitz)"]
[EventRounds "11"]
[EventCountry "USA"]
[SourceTitle "EXT 2024"]
[Source "ChessBase"]
[SourceDate "2023.10.10"]
[SourceVersion "1"]
[SourceVersionDate "2023.10.10"]
[SourceQuality "1"]

1. e4 e5 2. d4 exd4 3. Bc4 Nf6 4. Nf3 Nc6 5. e5 d5 6. exf6 dxc4 7. 0-0 Qxf6 8. Re1+ Be6 9. Na3 0-0-0 10. Bg5 Qg6 11. Bxd8 Nxd8 12. Nb5 Nc6 13. Nfxd4 Bd5 14. Nf3 Qh5 15. Re8+ Kd7 16. Ne5+ Kxe8 17. Nxc7+ Kd8 18. Qxh5 Kxc7 19. Nxf7 g6 20. Qxd5 1-0

[Event "Titled Tuesday intern op 18th Jul Late"]
[Site "Chess.com INT"]
[Date "2023.07.18"]
[Round "7"]
[White "Volovich, Vasily"]
[Black "Petesch, Gabriel N"]
[Result "0-1"]
[WhiteElo "2177"]
[BlackElo "2328"]
[PlyCount "70"]
[EventDate "2023.07.18"]
[EventType "swiss (blitz)"]
[EventRounds "11"]
[EventCountry "USA"]
[SourceTitle "EXT 2024"]
[Source "ChessBase"]
[SourceDate "2023.10.10"]
[SourceVersion "1"]
[SourceVersionDate "2023.10.10"]
[SourceQuality "1"]

1. e4 d6 2. d4 e5 3. Nf3 exd4 4. Nxd4 Nf6 5. Nc3 Be7 6. Bg5 0-0 7. Qd2 h6 8. Bf4 a6 9. 0-0-0 b5 10. a3 Bb7 11. f3 Nfd7 12. Nf5 Bf6 13. Nd5 Nc6 14. g4 Nce5 15. Be2 Bxd5 16. Qxd5 Nb6 17. Qb3 Nec4 18. c3 Bg5 19. Bxg5 Qxg5+ 20. Kc2 g6 21. Ng3 Ne3+ 22. Kb1 Nxd1 23. Rxd1 Qe3 24. Ka2 Nc4 25. Bxc4 bxc4 26. Qxc4 Rab8 27. Qd3 Qf4 28. Rd2 Rb5 29. Ne2 Qf6 30. Nd4 Rb6 31. Qc4 c5 32. Nc2 Qxf3 33. Qd5 Rfb8 34. Ne1 Qe3 35. Qd3 Qxe1 0-1

[Event "Titled Tuesday intern op 04th Jul Late"]
[Site "Chess.com INT"]
[Date "2023.07.04"]
[Round "5"]
[White "Petesch, Gabriel N"]
[Black "Gombocz, Ferenc Jr"]
[Result "0-1"]
[WhiteElo "2328"]
[BlackElo "2324"]
[PlyCount "105"]
[EventDate "2023.07.04"]
[EventType "swiss (blitz)"]
[EventRounds "11"]
[EventCountry "USA"]
[SourceTitle "EXT 2024"]
[Source "ChessBase"]
[SourceDate "2023.10.10"]
[SourceVersion "1"]
[SourceVersionDate "2023.10.10"]
[SourceQuality "1"]

1. Nf3 d5 2. d4 Nf6 3. Nc3 c5 4. Bg5 Ne4 5. Be3 Nxc3 6. bxc3 c4 7. g3 Nc6 8. Bg2 Bf5 9. 0-0 e6 10. Qd2 Bd6 11. Nh4 Bg4 12. Rfb1 Rb8 13. a4 0-0 14. h3 Bh5 15. Nf3 Bg6 16. Ne1 b6 17. Bf4 Bxf4 18. Qxf4 Qe7 19. e4 e5 20. dxe5 d4 21. Nf3 dxc3 22. Bf1 f6 23. Bxc4+ Kh8 24. e6 Qc5 25. Bd5 Ne5 26. Nh4 a6 27. Rd1 Bh5 28. g4 g5 29. Qe3 Qxe3 30. fxe3 Bxg4 31. hxg4 gxh4 32. Kg2 Nxg4 33. Rd3 Rg8 34. e7 Rg7 35. Be6 Ne5+ 36. Kh3 Nxd3 37. cxd3 Rxe7 38. Bc4 b5 39. axb5 axb5 40. Bd5 b4 41. Bb3 Rd7 42. Rd1 Rc7 43. Rc1 Rd8 44. d4 Re8 45. Bd5 c2 46. Bb3 Rxe4 47. Kg2 Rxe3 48. Bd5 b3 49. Kf2 b2 50. Rg1 Rg3 51. Re1 c1Q 52. Re8+ Kg7 53. Rf8 0-1

[Event "Titled Tuesday intern op 04th Jul Late"]
[Site "Chess.com INT"]
[Date "2023.07.04"]
[Round "11"]
[White "Weetik, Vjacheslav"]
[Black "Petesch, Gabriel N"]
[Result "0-1"]
[WhiteElo "2423"]
[BlackElo "2328"]
[PlyCount "84"]
[EventDate "2023.07.04"]
[EventType "swiss (blitz)"]
[EventRounds "11"]
[EventCountry "USA"]
[SourceTitle "EXT 2024"]
[Source "ChessBase"]
[SourceDate "2023.10.10"]
[SourceVersion "1"]
[SourceVersionDate "2023.10.10"]
[SourceQuality "1"]

1. e4 d5 2. exd5 Qxd5 3. Nc3 Qd8 4. d4 c6 5. Nf3 Nf6 6. Bc4 e6 7. Qe2 Be7 8. Be3 Nbd7 9. Ne5 Nb6 10. Bd3 Nbd5 11. Bd2 Nb4 12. Be3 Nbd5 13. Nxd5 Nxd5 14. Bd2 Nb4 15. Bxb4 Bxb4+ 16. c3 Bd6 17. 0-0-0 Qg5+ 18. Kb1 f6 19. f4 Qh6 20. Ng4 Qxf4 21. Rdf1 Qg5 22. h4 Qa5 23. h5 h6 24. Bg6+ Kd8 25. Ne3 Qc7 26. c4 Bd7 27. d5 Qb6 28. Rd1 cxd5 29. cxd5 e5 30. Bf5 Bc5 31. Bxd7 Bxe3 32. Be6 Bd4 33. d6 Qxd6 34. Qg4 Re8 35. Bb3 Re7 36. Qf5 a5 37. a4 Qd7 38. Qh7 b5 39. Ka2 Rb8 40. Rd3 bxa4 41. Bc4 Rxb2+ 42. Ka3 Qd6+ 0-1

[Event "Titled Tuesday intern op 13th Jun Late"]
[Site "Chess.com INT"]
[Date "2023.06.13"]
[Round "9"]
[White "Bueno, Alfeu Varela Jr"]
[Black "Petesch, Gabriel N"]
[Result "0-1"]
[WhiteElo "2135"]
[BlackElo "2330"]
[PlyCount "82"]
[EventDate "2023.06.13"]
[EventType "swiss (blitz)"]
[EventRounds "11"]
[EventCountry "USA"]
[SourceTitle "EXT 2024"]
[Source "ChessBase"]
[SourceDate "2023.10.10"]
[SourceVersion "1"]
[SourceVersionDate "2023.10.10"]
[SourceQuality "1"]

1. e4 d5 2. exd5 Qxd5 3. Nc3 Qd6 4. d4 Nf6 5. Nf3 g6 6. Bc4 Bg7 7. Ne5 0-0 8. Be3 c6 9. Qe2 Be6 10. 0-0-0 Nbd7 11. Bf4 Bxc4 12. Qxc4 Nh5 13. g3 Nxf4 14. gxf4 Nb6 15. Qd3 Nd5 16. Ne4 Qe6 17. Nc5 Qf6 18. f5 Qxf5 19. Qxf5 gxf5 20. Nxb7 f6 21. Nc4 e5 22. Rhe1 e4 23. Nba5 Rab8 24. Nxc6 Bh6+ 25. Kb1 Nc3+ 26. Ka1 Nxd1 27. Rxd1 Rb7 28. Nd6 Rd7 29. Nxf5 Bf4 30. c4 Re8 31. d5 e3 32. fxe3 Bxe3 33. Re1 Re4 34. Rxe3 Rf4 35. Nfe7+ Kf7 36. a3 Rxc4 37. Nf5 Rf4 38. Nfd4 Rxd5 39. Rd3 Rh4 40. Rd2 Rh3 41. Rf2 a5 0-1

[Event "Titled Tuesday intern op 13th Jun Late"]
[Site "Chess.com INT"]
[Date "2023.06.13"]
[Round "3"]
[White "Rustemov, Alexander"]
[Black "Petesch, Gabriel N"]
[Result "1-0"]
[WhiteElo "2525"]
[BlackElo "2330"]
[PlyCount "91"]
[EventDate "2023.06.13"]
[EventType "swiss (blitz)"]
[EventRounds "11"]
[EventCountry "USA"]
[SourceTitle "EXT 2024"]
[Source "ChessBase"]
[SourceDate "2023.10.10"]
[SourceVersion "1"]
[SourceVersionDate "2023.10.10"]
[SourceQuality "1"]

1. d4 d5 2. c4 c6 3. Nc3 Nf6 4. e3 g6 5. Nf3 Bg7 6. Bd3 0-0 7. 0-0 b6 8. Qe2 Bb7 9. Rd1 Nbd7 10. e4 dxe4 11. Bxe4 Nxe4 12. Nxe4 Nf6 13. Nc3 Qc7 14. Bg5 Rad8 15. Re1 h6 16. Bh4 e6 17. Rad1 a6 18. Bg3 Qe7 19. Na4 Nd7 20. Bc7 Rc8 21. Bxb6 Qb4 22. Nc5 Nxb6 23. Nxb7 Nxc4 24. Nc5 Qb5 25. b3 Nd6 26. Nxa6 Ra8 27. Qxb5 Nxb5 28. Nb4 c5 29. dxc5 Bc3 30. Re4 Rfd8 31. Rxd8+ Rxd8 32. g3 Rd1+ 33. Kg2 Rc1 34. Nd3 Rc2 35. a4 Nc7 36. b4 Nd5 37. b5 Ba5 38. b6 Kf8 39. Nfe5 Ke8 40. Rc4 Rxc4 41. Nxc4 Bc3 42. c6 Kd8 43. a5 Kc8 44. a6 Kb8 45. a7+ Ka8 46. c7 1-0

[Event "Titled Tuesday intern op 06th Jun Late"]
[Site "Chess.com INT"]
[Date "2023.06.06"]
[Round "9"]
[White "Petesch, Gabriel N"]
[Black "Cagara, Paulina"]
[Result "1-0"]
[WhiteElo "2330"]
[BlackElo "2089"]
[PlyCount "63"]
[EventDate "2023.06.06"]
[EventType "swiss (blitz)"]
[EventRounds "11"]
[EventCountry "USA"]
[SourceTitle "EXT 2024"]
[Source "ChessBase"]
[SourceDate "2023.10.10"]
[SourceVersion "1"]
[SourceVersionDate "2023.10.10"]
[SourceQuality "1"]

1. e4 c6 2. Nc3 d5 3. Nf3 Bg4 4. Be2 e6 5. h3 Bh5 6. d3 Nd7 7. Bf4 Bb4 8. 0-0 Ne7 9. Ne5 Bxe2 10. Qxe2 0-0 11. a3 Bd6 12. Nxf7 Rxf7 13. Bxd6 Nb6 14. Bh2 Ng6 15. f4 dxe4 16. dxe4 Qd4+ 17. Kh1 Qc4 18. Qe3 Rd8 19. f5 Nf8 20. Qg5 Rdd7 21. Rf3 exf5 22. exf5 Nd5 23. Nxd5 Rxd5 24. c3 Qe2 25. b4 h6 26. Qg4 Rfd7 27. f6 Rg5 28. fxg7 Rxg4 29. gxf8Q+ Kh7 30. hxg4 Rd1+ 31. Rxd1 Qxd1+ 32. Bg1 1-0

[Event "Titled Tuesday intern op 06th Jun Late"]
[Site "Chess.com INT"]
[Date "2023.06.06"]
[Round "10"]
[White "Petesch, Gabriel N"]
[Black "Gubajdullin, Alexey"]
[Result "0-1"]
[WhiteElo "2330"]
[BlackElo "2266"]
[PlyCount "80"]
[EventDate "2023.06.06"]
[EventType "swiss (blitz)"]
[EventRounds "11"]
[EventCountry "USA"]
[SourceTitle "EXT 2024"]
[Source "ChessBase"]
[SourceDate "2023.10.10"]
[SourceVersion "1"]
[SourceVersionDate "2023.10.10"]
[SourceQuality "1"]

1. d4 Nf6 2. Bf4 g6 3. Nc3 Bg7 4. Qd2 d6 5. Bh6 0-0 6. Bxg7 Kxg7 7. h4 h5 8. 0-0-0 Nc6 9. f3 e5 10. e3 exd4 11. exd4 Bf5 12. d5 Nb4 13. g4 hxg4 14. fxg4 Bxg4 15. Qd4 Bxd1 16. Kxd1 c5 17. Qd2 Qa5 18. h5 Nxa2 19. hxg6 Nxc3+ 20. bxc3 Qa1+ 21. Qc1 Qxc1+ 22. Kxc1 fxg6 23. Nh3 Ne4 24. Bd3 Nf2 25. Nxf2 Rxf2 26. Re1 Raf8 27. Re7+ R8f7 28. Re6 R2f6 29. Re8 b6 30. Ba6 g5 31. Be2 Rh6 32. Bg4 Rh4 33. Be6 Rf8 34. Re7+ Kf6 35. Rd7 g4 36. Rxd6 g3 37. c4 Ke5 38. Rd7 g2 39. Rg7 Rh1+ 40. Kb2 g1Q 0-1

[Event "Titled Tuesday intern op 30th Aug Early"]
[Site "Chess.com INT"]
[Date "2022.08.30"]
[Round "2"]
[White "Lauridsen, Jesper Morch"]
[Black "Petesch, Gabriel N"]
[Result "0-1"]
[WhiteElo "2221"]
[BlackElo "2330"]
[PlyCount "100"]
[EventDate "2022.08.30"]
[EventType "swiss (blitz)"]
[EventRounds "11"]
[EventCountry "USA"]
[SourceTitle "EXT 2023"]
[Source "ChessBase"]
[SourceDate "2022.10.05"]
[SourceVersion "1"]
[SourceVersionDate "2022.10.05"]
[SourceQuality "1"]

1. e4 g6 2. d4 Bg7 3. Nc3 c5 4. Nf3 Nc6 5. d5 Nd4 6. Be3 Nxf3+ 7. gxf3 Qa5 8. Qd2 d6 9. Bb5+ Kf8 10. a4 Nf6 11. Bh6 Bh3 12. Bf1 Bxf1 13. Kxf1 Qb4 14. Kg2 a6 15. a5 Qd4 16. Bxg7+ Kxg7 17. Qxd4 cxd4 18. Ne2 Nh5 19. Nxd4 Nf4+ 20. Kg3 Nh5+ 21. Kg2 Rhc8 22. c3 Rc5 23. Ra3 Rac8 24. Rha1 R8c7 25. Rb3 Nf4+ 26. Kg3 Nh5+ 27. Kg2 Kf6 28. Ne2 e6 29. dxe6 fxe6 30. f4 Rc4 31. Kf3 Ke7 32. Nd4 e5 33. fxe5 dxe5 34. Nc2 Ke8 35. Ne3 Rf7+ 36. Ke2 Rxe4 37. Rd1 Ref4 38. Rf1 Ra4 39. Ra3 Nf4+ 40. Kd2 Rd7+ 41. Kc2 Re4 42. Rb3 Kd8 43. Rd1 Rxd1 44. Kxd1 Kc8 45. Rb4 Nd3 46. Rxe4 Nxf2+ 47. Ke2 Nxe4 48. Kd3 Nf6 49. Kc4 Kd7 50. Nd5 Ne4 0-1

[Event "Titled Tuesday intern op 30th Aug Early"]
[Site "Chess.com INT"]
[Date "2022.08.30"]
[Round "3"]
[White "Petesch, Gabriel N"]
[Black "Agasarov, Benik"]
[Result "0-1"]
[WhiteElo "2330"]
[BlackElo "2037"]
[PlyCount "84"]
[EventDate "2022.08.30"]
[EventType "swiss (blitz)"]
[EventRounds "11"]
[EventCountry "USA"]
[SourceTitle "EXT 2023"]
[Source "ChessBase"]
[SourceDate "2022.10.05"]
[SourceVersion "1"]
[SourceVersionDate "2022.10.05"]
[SourceQuality "1"]

1. Nc3 e5 2. g3 d5 3. Bg2 d4 4. Nb1 Nf6 5. c3 c5 6. cxd4 cxd4 7. d3 Nc6 8. Nf3 Bd6 9. 0-0 0-0 10. Bg5 h6 11. Bxf6 Qxf6 12. Nbd2 Qe7 13. Rc1 Be6 14. a3 Rac8 15. Qa4 Bb8 16. Ne4 Bd5 17. Nfd2 b6 18. Nf6+ Qxf6 19. Bxd5 Ne7 20. Bb7 Rxc1 21. Rxc1 Qg5 22. Qd1 f5 23. Nf3 Qf6 24. Qb3+ Qf7 25. Qb5 Qe6 26. Ba6 Kh7 27. Qb4 Bd6 28. Qa4 Bc5 29. b4 e4 30. Bc4 Qf6 31. bxc5 exf3 32. exf3 bxc5 33. Qxa7 Nc6 34. Qxc5 Ne5 35. Kg2 f4 36. g4 Qg5 37. Qxd4 Nxg4 38. Qe4+ Kh8 39. fxg4 f3+ 40. Kg3 Qxc1 41. Qe7 Qg1+ 42. Kh3 Qg2+ 0-1

[Event "Titled Tuesday intern op 30th Aug Early"]
[Site "Chess.com INT"]
[Date "2022.08.30"]
[Round "6"]
[White "Petesch, Gabriel N"]
[Black "Foerster Yialamas, Lucas"]
[Result "0-1"]
[WhiteElo "2330"]
[BlackElo "2197"]
[PlyCount "120"]
[EventDate "2022.08.30"]
[EventType "swiss (blitz)"]
[EventRounds "11"]
[EventCountry "USA"]
[SourceTitle "EXT 2023"]
[Source "ChessBase"]
[SourceDate "2022.10.05"]
[SourceVersion "1"]
[SourceVersionDate "2022.10.05"]
[SourceQuality "1"]

1. d3 a5 2. a3 d5 3. f4 f6 4. g3 h5 5. Nf3 Nh6 6. Nc3 d4 7. Ne4 Nc6 8. c3 e5 9. Bg2 Nf5 10. 0-0 h4 11. g4 Ne3 12. Bxe3 dxe3 13. fxe5 h3 14. Bh1 Bxg4 15. exf6 gxf6 16. Qb3 Ra6 17. Ng3 Rb6 18. Qc4 Qd7 19. Qe4+ Kd8 20. b4 axb4 21. axb4 Nb8 22. Ra8 Kc8 23. Rfa1 Bh6 24. R1a7 Rg8 25. b5 Qxb5 26. Ra1 f5 27. Qa4 Qxa4 28. R8xa4 f4 29. Ne5 Bxe2 30. Bd5 Rxg3+ 31. hxg3 fxg3 32. Ra8 Bf4 33. Nc4 Rh6 34. Be4 Bg4 35. R8a7 c6 36. Ra8 h2+ 37. Kg2 Bh3+ 38. Kf3 g2 39. Kxf4 g1Q 40. Nxe3 Rf6+ 41. Bf5+ Rxf5+ 42. Nxf5 Qf2+ 43. Ke5 Qxf5+ 44. Kd4 Qd5+ 45. Ke3 Bf5 46. d4 Qe4+ 47. Kf2 h1Q 48. Rxh1 Qxh1 49. Ra3 Be4 50. Ke3 Qf3+ 51. Kd2 Qd3+ 52. Ke1 Kd7 53. Kf2 Ke6 54. Ra7 Kf5 55. Rxb7 Qd2+ 56. Kf1 Bd3+ 57. Kg1 Be4 58. Rf7+ Kg4 59. Rf2 Qe1+ 60. Rf1 Qg3# 0-1

[Event "Titled Tuesday intern op 30th Aug Early"]
[Site "Chess.com INT"]
[Date "2022.08.30"]
[Round "5"]
[White "Weetik, Vjacheslav"]
[Black "Petesch, Gabriel N"]
[Result "1-0"]
[WhiteElo "2423"]
[BlackElo "2330"]
[PlyCount "47"]
[EventDate "2022.08.30"]
[EventType "swiss (blitz)"]
[EventRounds "11"]
[EventCountry "USA"]
[SourceTitle "EXT 2023"]
[Source "ChessBase"]
[SourceDate "2022.10.05"]
[SourceVersion "1"]
[SourceVersionDate "2022.10.05"]
[SourceQuality "1"]

1. c3 Nf6 2. d3 g6 3. h3 c5 4. g4 Nc6 5. Bg2 Bg7 6. Nd2 0-0 7. Nf1 d5 8. Ng3 e5 9. g5 Ne8 10. h4 f5 11. gxf6 Nxf6 12. h5 Ng4 13. Nf3 Qb6 14. hxg6 hxg6 15. Ng5 Ne7 16. f3 c4 17. d4 exd4 18. fxg4 Bxg4 19. Rh4 d3 20. Rxg4 Qf2+ 21. Kd2 Qxg2 22. Qh1 Qxh1 23. Nxh1 Rf2 24. Nxf2 1-0